000 00990nam a2200193 a 4500
001 000048587
005 20201002061246.0
008 190401s2014 dr abd 000 m spa d
040 _aDO-SdBNP
_bspa
_cBNPHU
082 _axxxx
_bA837c
245 0 0 _aCartografía de las defensas públicas de América /
_ccoordinadora general Laura Hernández Román ; presentación Juan Manuel Pellerano Gómez.
260 _aSanto Domingo :
_bAIDEF : Fundación Pellerano & Herrera,
_c2014.
300 _a158 p. :
_bil., mapas, gráficas ;
_c28 cm.
505 0 _aParametros de medición de las defensas públicas . Aspectos más importantes --
_tParametros de medición de las defensas públicas . Compilación --
_tDefensas públicas de América --.
590 _aInventariado, 2019/LP
710 2 _aAsociación Interamericana de Defensorías Públicas (AIDEF), República Dominicana
_976040
700 1 _aPellerano Gómez, Juan Manuel,
_epresent.
_97065
700 1 _aHernández Román, Laura,
_ecoord.
_976041
999 _c48075
_d48075